000 00342nam a22001217a 4500
008 160426b xxu||||| |||| 00| 0 eng d
020 _a9780763756512
020 _a9780763756512
041 _aeng
080 _a618.2
245 _aHigh fidelity patient simulation in nursing education;
_cWendy M.Nehring; Felissa R. Lashlyey;
942 _2udc
_cBK
999 _c1610
_d1610